000 00709nam a2200181 a 4500
001 000048226
005 20201002061014.0
008 181207s2012 dr a r 000 0 spa d
245 0 0 _aGuía para la inserción de docentes principiantes al sistema educativo /
_ccoordinación Gineida Castillo, Catalina Andújar ; elaboración Celeste Abréu.
260 _aSanto Domingo :
_bOEI ;
_aMinisterio de Educación ; :
_bInafocam,
_c2012.
300 _a41 p. :
_bil. ;
_c23 cm.
504 _aBibliografía : p. 40-41
590 _aInventariado, 2019/BT
700 1 _aCastillo, Gineida,
_ecoord.
_917507
700 1 _aAndújar, Catalina,
_ecoord.
_937830
700 1 _aAbréu, Celeste,
_eelab.
_975665
999 _c47714
_d47714
040 _aDO-SdBNP